| 000 | 00393nam a22001697a 4500 | ||
|---|---|---|---|
| 008 | 240220b |||||||| |||| 00| 0 eng d | ||
| 020 | _a9788176370769 | ||
| 040 | _a30 | ||
| 082 | _a612.5 THA | ||
| 100 | _aTHAKRAL , K.K | ||
| 110 | _bAYURVEDA | ||
| 245 | _aABHINAV SALYA VIGYAN VOL-1 | ||
| 250 | _a2 ND | ||
| 260 |
_aVARANASI _bCHAUKHAMBA _c2019 |
||
| 650 | _aSALYAVIGYAN | ||
| 942 | _c01 | ||
| 999 |
_c58330 _d58330 |
||